000
00434nam a2200169Ia 4500
008
090711s9999 xx 000 0 und d
082
_b
61371
100
_a
कुलकर्णी वसंत
245
_a
मळभ
260
_c
1987
300
_a
110
600
_a
कुलकर्णी वसंत
630
_a
मळभ
700
_a
कुलकर्णी वसंत
730
_a
मळभ
942
_c
BOOK
999
_c
310325
_d
310325